00238nam a22001097a 4500003000400000008004100004020001800045100001700063245002900080250001100109300000800120OSt240127b |||||||| |||| 00| 0 eng d a9781473667526 aDOBELLI,Rolf aThe Art of the Good Life a1st Ed a259